000 00515cam a2200205 4500
001 D14932
008 090401t1970 xxu||||| |||| 00| 0 eng d
035 _a(Sirsi) u18943
041 _aeng
050 _a526.90994
100 _aReilly, S.E.
245 4 _aThe profession of Surveying in Queensland
260 _aBrisbane, Australia
_bInstitution of Surveyors
_c1970
300 _avi. 149p. 26cm
350 _a0
520 _aQueensland Division
650 _aAUSTRALIA
942 _n0
948 _c04/03/1997
999 _c87635
_d87635